[Event "Enniscrone Sligo op-B"]
[Site "Enniscrone"]
[Date "2025.02.02"]
[Round "5"]
[White "Coughlan, James"]
[Black "Andhurthi, Sreeyan"]
[Result "1/2-1/2"]
[WhiteElo "1671"]
[BlackElo "1688"]
[PlyCount "39"]
[EventDate "2025.01.31"]
[EventType "swiss"]
[EventRounds "5"]
[EventCountry "IRL"]
[SourceTitle "CB06_2025"]
[SourceDate "2025.02.05"]
[SourceVersion "1"]
[SourceVersionDate "2025.02.05"]
[SourceQuality "1"]

1. d4 Nf6 2. Nf3 d5 3. Bf4 g6 4. e3 Bg7 5. c4 c6 6. Nc3 a6 7. Be2 0-0 8. 0-0 Nbd7 9. c5 h6 10. Ne5 Nxe5 11. Bxe5 Nd7 12. Bxg7 Kxg7 13. f4 f5 14. b4 b6 15. Qa4 Bb7 16. Rfc1 b5 17. Qb3 Nf6 18. Bf3 g5 19. Qc2 g4 20. Bd1 1/2-1/2